Anatomie d'un fleuve # le Danube - Statistiques

Statistiques générales
  • Ce quiz a été pris 48 fois
  • Le résultat moyen est 12 sur 24
Statistiques - réponses
Question Réponse % Correct
Nombre de pays traversés ou longés par le fleuve 10
97%
Citez les quatre capitales traversées par le Danube Vienne
97%
Budapest
85%
Bratislava
79%
Type d'embouchure du Danube Delta
74%
Empire qui a utilisé le Danube comme voie de conquête de l'Europe Ottoman
74%
Belgrade
68%
Ces gorges séparent deux massifs montagneux. Citez-en un Carpates | Balkans
68%
Massif montagneux où le Danube prend sa source Forêt Noire
68%
Etendue d'eau dans laquelle il se jette Mer Noire
65%
Le Danube constituait la frontière septentrionale de cet empire. Empire Romain
62%
Important affluent descendant directement de Suisse et donnant son nom à une ville autrichienne Inn
59%
Célèbre valse de Strauss Le beau Danube Bleu
50%
Pays limitrophe des bouches du Danube Ukraine
50%
Pays avec le plus petit tronçon de rivage danubien (340 m) Moldavie
47%
Nom du territoire du bas-Danube dont une partie a été colonisée par les Romains. (L'histoire ne dit pas s'il roulaient en Duster !) Dacie
38%
Ville de Bavière au bord du Danube, célèbre pour sa cathédrale dotée de la plus grande flèche au monde Ulm
38%
Gorges du Danube à la frontière roumaine Portes de {Fer}
26%
Terme désignant de petites entités territoriales prétendant au statut de nation. Trois d'entre elles se trouvent au bord du Danube : Liberland, Principauté d'Ongal et Enclava. Micronation
18%
Deux fois dans l'Histoire, les autorités françaises ont créé une "armée du Danube". Citez l'une de ces deux périodes. Révolution française | 1ère guerre mondiale
18%
Communauté slave ayant constitué des unités militaires russes. Ceux du Don sont les plus connus, mais il y en avait aussi dans la région du Danube. {Cosaques} du Danube
15%
Historien et géographe grec qui a précisément décrit cette embouchure au Ve siècle avant notre ère Hérodote
15%
Territoire s'étendant sur 3 nations actuelles, limité au sud par le Danube (son nom évoque davantage une péninsule asiatique qu'une région d'Europe) Bessarabie
6%
Nom donné à l'endroit où le Danube pivote à 90°C pour se diriger vers le sud, près de Visegràd La {boucle} du Danube
6%
Aucun quiz correspondant
Distribution des résultats
% des personnes avec chaque résultat
Percentile par nombre de réponses
Votre historique - résultats
Vous n’avez pas pris ce quiz